书目信息 |
| 题名: |
园林设计初步
|
|
| 作者: | 郭舜 , 宋连弟 , 夏建红 编著 | |
| 分册: | ||
| 出版信息: | 厦门 厦门大学出版社 2016.01 |
|
| 页数: | 136页 | |
| 开本: | 26cm | |
| 丛书名: | ||
| 单 册: | ||
| 中图分类: | TU986.2 | |
| 科图分类: | ||
| 主题词: | 园林设计--yuan lin she ji--高等职业教育--教材 | |
| 电子资源: | ||
| ISBN: | 978-7-5615-5728-0 | |
| 000 | 01505nam0 2200313 450 | |
| 001 | CA2016000842 | |
| 005 | 20201117074955.08 | |
| 010 | @a978-7-5615-5728-0@dCNY26.00 | |
| 100 | @a20160302d2016 em y0chiy50 ea | |
| 101 | 0 | @achi |
| 102 | @aCN@b350000 | |
| 105 | @aak a 000yy | |
| 106 | @ar | |
| 200 | 1 | @a园林设计初步@Ayuan lin she ji chu bu@f郭舜, 宋连弟, 夏建红编著@Fguo shun , song lian di , xia jian hong bian zhu |
| 210 | @a厦门@c厦门大学出版社@d2016.01 | |
| 215 | @a136页@c图@d26cm | |
| 300 | @a闽西职业技术学院国家骨干高职院校项目建设成果 —— 园林技术专业 | |
| 320 | @a有书目 (第135-136页) | |
| 330 | @a本书内容共分六章, 从课程的性质和特点出发, 阐述了园林和园林学的概念, 对中国古典园林的类型和造园特点做了描述 ; 在平面构成基础部分, 对平面构成的基本要素、基本形式和构图分割做了详尽描述 ; 深入探讨了园林构图的基本规律、空间组织、赏景造景以及绿地布局的基本方法 ; 详细描述了园林地形、园路、建筑与小品、园林植物等构成要素的设计要点 ; 通过园林要素表现、线稿表现、色彩表现、计算机辅助设计绘图等, 对园林常见的表现技法做了介绍 ; 阐述了园林规划设计的流程、设计方法以及快速设计的特点 ; 在书末, 附上了园林基本术语标准及风景园林图例图示标准。 | |
| 540 | @a园林设计初步 | |
| 606 | 0 | @a园林设计@Ayuan lin she ji@x高等职业教育@j教材 |
| 690 | @aTU986.2@v5 | |
| 701 | 0 | @a郭舜@Aguo shun@4编著 |
| 701 | 0 | @a宋连弟@Asong lian di@4编著 |
| 701 | 0 | @a夏建红@Axia jian hong@4编著 |
| 801 | @aCN | |
| 803 | @a高职 | |
| 901 | @a20 | |
| 905 | @a河南城建学院图书馆@b1292979-81@dTU986.2@eG835@f3 | |
| 园林设计初步/郭舜, 宋连弟, 夏建红编著.-厦门:厦门大学出版社,2016.01 |
| 136页:图;26cm |
| 闽西职业技术学院国家骨干高职院校项目建设成果 —— 园林技术专业 |
| ISBN 978-7-5615-5728-0:CNY26.00 |
| 本书内容共分六章, 从课程的性质和特点出发, 阐述了园林和园林学的概念, 对中国古典园林的类型和造园特点做了描述 ; 在平面构成基础部分, 对平面构成的基本要素、基本形式和构图分割做了详尽描述 ; 深入探讨了园林构图的基本规律、空间组织、赏景造景以及绿地布局的基本方法 ; 详细描述了园林地形、园路、建筑与小品、园林植物等构成要素的设计要点 ; 通过园林要素表现、线稿表现、色彩表现、计算机辅助设计绘图等, 对园林常见的表现技法做了介绍 ; 阐述了园林规划设计的流程、设计方法以及快速设计的特点 ; 在书末, 附上了园林基本术语标准及风景园林图例图示标准。 |
| ● |
| 相关链接 |
|
|
|
正题名:园林设计初步
索取号:TU986.2/G835
 
预约/预借
| 序号 | 登录号 | 条形码 | 馆藏地/架位号 | 状态 | 备注 |
| 1 | 1292979 | 212929793 | 建筑库201/201建筑库 97排1列2层/ [索取号:TU986.2/G835] | 在馆 | |
| 2 | 1292980 | 212929809 | 建筑库201/201建筑库 97排1列2层/ [索取号:TU986.2/G835] | 在馆 | |
| 3 | 1292981 | 212929816 | 建筑库201/201建筑库 97排1列2层/ [索取号:TU986.2/G835] | 在馆 |